The Ultimate Star Wars Quiz (hardest version) - Statistics

General Stats
  • This quiz has been taken 179 times
    128 since last reset
  • The average score is 27 of 46
Answer Stats
Hint Answer % Correct
Who was a slave boy that then went to become a Jedi and then became a sith? Anakin Skywalker
94%
What was Anakin Skywalker's Sith name? Darth Vader
94%
Who was his master? Emperor Palpatine
94%
Who was his mother? Shmi Skywalker
91%
Who is the first character to speak in the fisrt Star Wars movie made? C3PO
87%
Who is this character walking with? R2D2
86%
Who was Anakin Skywalker's son? Luke Skywalker
85%
Who was Anakin Skywalker's daughter Leia Organa
84%
Who was his father? No father/force/Sidious
83%
How many lightsabers did the above wield? 4
81%
Who was the above pilot's co-pilot Chewbacca
80%
Who was the pilot of the Millennium Falcon? Han Solo
80%
Who was his master's master? Darth Plagueis
75%
Planet that the Ewoks live on Endor
75%
Who was the cyborg leader of the droid army? General Grievous
74%
Who was Anakin Skywalker secretly married to? Padme Amidala
73%
3rd movie Revenge of the Sith
69%
4th movie A New Hope
68%
1st movie The Phantom Menace
68%
The amount of parsecs the Millennuim Falcon did the Kessel Run in 12
67%
2nd movie Attack of the Clones
67%
Cerean Jedi who had a large head and was killed by his Commander Bacara + other clones. Ki-Adi-Mundi
67%
5th movie The Empire Strikes Back
66%
6th Movie Return of the Jedi
65%
7th Movie The Force Awakens
64%
3 3/4th movie Rogue One: A Star Wars Story
61%
8th Movie The Last Jedi
61%
Who is the blue Twi'lek Jedi killed by her clone squadron on Felucia? Aayla Secura
59%
Planet that the Wookiees live on Kashyyyk
58%
What species is the above co-pilot? Wookiee
58%
What planet is home to the Twi'leks? Ryloth
50%
Who was one with the force and the force was with him? Chirrut Imwe
43%
Year Luke Skywalker was born 19 BBY
35%
Captain that replaces the above when Vader force chokes him. Captain Piett
34%
Zabrak Jedi who was killed in the attempt to arrest Chancellor Palpatine. Agen Kolar
33%
Who is the above's friend? Baze Malbus
33%
Who was the protocol droid that turned into a bounty hunter? 4-LOM
31%
Who was the admiral of the Executor Star Destroyer? Admiral Ozzel
31%
Name of Jabba's dancer that was fed to the Rancor Oola
30%
System of planets blown up by Starkiller base Hosnian system
26%
What Jedi was a snakelike Thisspiasian? Oppo Rancisis
26%
Bounty hunter that was trained to be a Jedi and guides Boba Fett Aurra Sing
22%
Who was the two-brained, four-armed, Quermian Jedi? Yarael Poof
22%
Name of the Cantina Band The Modal Nodes
18%
Name of the leader of the Cantina Band Figrin D'an
16%
The Pau'an port administrator that tells Obi-Wan where General Grievous is Tion Medon
11%
No matching quizzes found
Score Distribution
Percent of People with Each Score
Percentile by Number Answered
Your Score History
You have not taken this quiz since the last reset